Statystyki dla Najgłębsze jeziora Polski (Dla wszystkich i Geomexa)

Kliknij tutaj aby rozwiązać quiz!

Ogólne statystyki

  • Ten quiz został rozwiązany 26 razy
  • Średni wynik to 2 z 10

Statystyki odpowiedzi

GłębokośćPowierzchnia (ha)Jezioro% Poprawnych
106,2291,6Hańcza
96%
74,22115,0Wigry
29%
82,21797,5Drawsko
13%
78,020,6Czarny Staw pod Rysami
8%
69,5 lub 72,01417,0Wdzydze
8%
80,330,0Wielki Staw Polski
8%
60,7317,5Morzycko
4%
65,2258,5Babięty Wielkie
0%
58,8171,0Ciecz
0%
67,3 lub 68,0118,5Wuksniki
0%

Rozkład punktacji

Percentyl według liczby udzielonych odpowiedzi

Procent ludzi z każdym wynikiem

Twoja historia wyników

Nie rozwiązałeś tego quizu